000 01760cam a22004697a 4500
001 000093589
003 CHAP
005 20220817044020.0
008 050418d2005 mx b r 00110 spa d
010 _a90055
011 _a91027
035 _a101585
040 _cCHAP
090 _aTesis
100 0 0 _aPérez Sarabia, Griselda.
_990017
245 1 0 _aIndice de valor de importancia de las especies arbóreas y arbustivas del parque estatal Sierra Patlachique, Estado de México /
_c/por Griselda Pérez Sarabia.
260 _aChapingo, Méx. :
_bEl autor,
_c2005.
300 _a114 h. ; :
_bmapas.
502 _aTesis (Ing. en Recursos Naturales Renovables) -- UACH. Departamento de Suelos
590 _aALEPH
_b10
_c20130110
_lUCH01
_h1505
590 _aBATCH-UPD
_b10
_c20130110
_lUCH01
_h0339
590 _aBATCH-UPD
_b10
_c20130110
_lUCH01
_h1921
590 _aBATCH-UPD
_b10
_c20130410
_lUCH01
_h0013
590 _aBATCH-UPD
_b10
_c20130914
_lUCH01
_h1258
590 _aBATCH-UPD
_b10
_c20140324
_lUCH01
_h1450
590 _aBATCH-UPD
_b10
_c20141002
_lUCH01
_h0826
590 _aCONVERSION
_b10
_c20130109
_lUCH01
_h1350
590 _aE5765TAJ
_b10
_c20130617
_lUCH01
_h1112
650 1 4 _aÁrboles
_xMexico (Edo.)
_96627
650 1 4 _aArbustos
_zMexico(Edo.).
650 1 4 _aEcosistema.
_935290
650 1 4 _aParque Estatal Sierra Patlachique.
_985672
650 1 4 _aRecursos naturales
_xConservación
_zMéxico (Edo.).
_995266
650 1 4 _aSierras.
_9105875
856 _3Finding aid
_uhttp://10.13.5.2/tesis/101585.pdf
_zTeclea aquí
901 _aBK
905 _aAlejandra Carrasco M.
942 _cCD
942 _n0
949 _aTesis
_bBC
_cTES
_d1015851
_eTS1
_h43498
_i101585
_sb
949 _aTesis
_bBC
_cTES
_d33724000798658
_eTS2
_fc.2
_h43499
_i101585
_si
999 _c90055
_d90055